Online Catalogue and eLibrary

Je, tu, nous : (Record no. 24)

MARC details
000 -LEADER
fixed length control field 00604cam a22002055a 4500
001 - CONTROL NUMBER
control field 48330
005 - DATE AND TIME OF LATEST TRANSACTION
control field 20231117005834.0
008 - FIXED-LENGTH DATA ELEMENTS--GENERAL INFORMATION
fixed length control field 930622s1993 nyu 000 0 eng
020 ## - INTERNATIONAL STANDARD BOOK NUMBER
ISBN 0415905818
040 ## - CATALOGING SOURCE (பட்டியலாக்க மூலம்)
Original cataloging agency DLC
Transcribing agency DLC
Modifying agency DLC
082 ## - DDC Classification
DDC Edition Number 22
Class No. 305.401
Item Number - Author Mark IRI
100 1# - MAIN ENTRY--PERSONAL NAME
Personal name Irigaray, Luce.
245 10 - TITLE STATEMENT
Title Je, tu, nous :
Remainder of title toward a culture of difference /
Statement of responsibility, etc. Luce Irigaray ; translated by Alison Martin.
260 ## - PUBLICATION, DISTRIBUTION, ETC.
Place of publication, distribution, etc. New York :
Name of publisher, distributor, etc. Routledge,
Date of publication, distribution, etc. 1993.
300 ## - PHYSICAL DESCRIPTION
Extent (e.g. Volumes, Pages etc.) 136 p. ;
650 #0 - SUBJECT ADDED ENTRY--TOPICAL TERM
Topical term or geographic name entry element Feminist theory.
650 #0 - SUBJECT ADDED ENTRY--TOPICAL TERM
Topical term or geographic name entry element Women
856 42 - ELECTRONIC LOCATION AND ACCESS
Uniform Resource Identifier <a href="http://www.loc.gov/catdir/enhancements/fy0909/93169360-d.html">http://www.loc.gov/catdir/enhancements/fy0909/93169360-d.html</a>
942 ## - Koha item type (Biblio)
Koha item type Books in Stacks (Lending)
Holdings
Lost status Damaged status Collection code Home library Current library Date acquired Full call number Accession Number Item type
    Lending WERC Library WERC Library 11/17/2023 305.401 IRI 3739 Books in Stacks (Lending)

© WERC Library